R machine learning by example : (Record no. 196247)

MARC details
000 -LEADER
fixed length control field 00955nam a2200241Ia 4500
003 - CONTROL NUMBER IDENTIFIER
control field OSt
005 - DATE AND TIME OF LATEST TRANSACTION
control field 20251202110235.0
008 - FIXED-LENGTH DATA ELEMENTS--GENERAL INFORMATION
fixed length control field 210716s2016 xx 000 0 und d
020 ## - INTERNATIONAL STANDARD BOOK NUMBER
International Standard Book Number 9781784390846
040 ## - CATALOGING SOURCE
Transcribing agency AIMIT LIBRARY
041 ## - LANGUAGE CODE
Language code of text/sound track or separate title eng
082 ## - DEWEY DECIMAL CLASSIFICATION NUMBER
Classification number 006.32
Edition number 1
Item number BALR
100 ## - MAIN ENTRY--PERSONAL NAME
Personal name Bali, Raghav.
9 (RLIN) 247241
245 ## - TITLE STATEMENT
Title R machine learning by example :
Remainder of title understand the fundamentals of machine learning with R and build your own dynamic algorithms to tackle complicated real world problems sucessfully /
Statement of responsibility, etc. By Raghav Bali and Dipanjan Sarkar.
250 ## - EDITION STATEMENT
Edition statement 1st ed.
260 ## - PUBLICATION, DISTRIBUTION, ETC.
Place of publication, distribution, etc. Mumbai :
Name of publisher, distributor, etc. Packt Publishing Ltd ,
Date of publication, distribution, etc. 2016.
300 ## - PHYSICAL DESCRIPTION
Extent xii,318p. ;
Other physical details PB
Dimensions 24 cm
650 ## - SUBJECT ADDED ENTRY--TOPICAL TERM
Topical term or geographic name entry element Building a product recommendation system
9 (RLIN) 247242
650 ## - SUBJECT ADDED ENTRY--TOPICAL TERM
Topical term or geographic name entry element Credit risk detection and predicition- predictive analytics
9 (RLIN) 247243
650 ## - SUBJECT ADDED ENTRY--TOPICAL TERM
Topical term or geographic name entry element Sentiment analysis of twitter data
9 (RLIN) 247244
700 ## - ADDED ENTRY--PERSONAL NAME
Personal name Sarkar, Dipanjan.
9 (RLIN) 247245
942 ## - ADDED ENTRY ELEMENTS (KOHA)
Source of classification or shelving scheme Dewey Decimal Classification
Koha item type Book
Edition 1st
Call number prefix 006.32 BALR
Holdings
Withdrawn status Lost status Source of classification or shelving scheme Damaged status Not for loan Collection code Home library Current library Source of acquisition Cost, normal purchase price Inventory number Total Checkouts Full call number Barcode Date last seen Cost, replacement price Price effective from Koha item type
    Dewey Decimal Classification     MCA St Aloysius Institute of Management & Information Technology St Aloysius Institute of Management & Information Technology Knowledge World 999.00 Bill no:511; Bill dt:2018-03-05   006.32 BALR MCA15762 05/23/2026 779.22 07/16/2021 Book